| 000 | 00455cam a2200181ua 4500 | ||
|---|---|---|---|
| 001 | 8797 | ||
| 008 | 150214n xxk |||gr||||Z||||||eng | ||
| 040 | _cMAIN | ||
| 041 | _aeng | ||
| 082 | _a920 | ||
| 100 |
_aSpencer, T. J. B., _eEditor. |
||
| 245 | 1 |
_aShakespeare : _bCelebration / _cEdited by T. J. B. Spencer . |
|
| 250 | _a1st. | ||
| 260 |
_aLondon: _bPenguin, _c1974. |
||
| 300 | _a146p. | ||
| 653 | _aBiography, genealogy & insignia | ||
| 942 | _cBK | ||
| 999 |
_c7891 _d7891 |
||